00622 2200217 4500001002100000005001700021008004100038035002400079082001200103090002300115100002500138245009100163250001100254260003900265300001900304650003100323850001500354980001400369985000600383999001500389YOGYA-0209000002648420090227024047.0 ind  0010-020900000026484 a370.114 a370.114bSur BlUT aSURYA PATRIA, Usmani aBuku materi pokok pendidikan PancasilabMKDU 4104/2 eks/Modul 4-6cUsmani Surya Patria aCet. 2 aJakartabUniversitas Terbukac1986 a220 hlmc30 cm aPendidikan moral Pancasila aYOPDYOG(B) a27-1-2007 a1 a06A0014314